| 000 | 00618nam a22002297a 4500 | ||
|---|---|---|---|
| 001 | 024 | ||
| 003 | DO-SdBNP | ||
| 005 | 20180222155355.0 | ||
| 007 | 024 | ||
| 008 | 151001b2011 xxc a 00| 0 spa d | ||
| 020 | _a9781894551212 | ||
| 040 |
_aBPMSU _bspa _cBPMSU |
||
| 100 | 1 | _aSzwarcberg, Sergio | |
| 245 | 1 | 0 |
_aCars 2 _bdisney pixar / _cSergio Szwarcberg |
| 260 |
_a[Quebec] _bDisney/Pixar : _bLexus, _c2011. |
||
| 300 |
_a10 p. : _bil. ; _c20 cm. |
||
| 500 | _aContiene 5 rompecabezas de 9 piezas en goma EVA | ||
| 910 | _a202 | ||
| 942 |
_2ddc _cBK |
||
| 945 | _aInventariado, 2018/ YL | ||
| 956 |
_aYLOCKWARD _b10 _cBPMSU |
||
| 999 |
_c8316 _d8316 |
||